000 00589nam a22002057a 4500
005 20260515115048.0
008 250227b |||||||| |||| 00| 0 eng d
020 _a9789358498172
040 _aIN-DiNC
_cIN-DiNC
041 _deng
082 _a420
_bENG
100 _aby Dowerah Nath, Bornali
_eEditor
245 _aEnglish language and communication skills/ (AEC 2)
_ced by Bornali Nath Dowerah.
250 _a1st ed.
260 _aDibrugarh:
_bBanalata,
_c2025.
300 _a155p.
650 _aCommunication skills
700 _a Bornali Nath Dowerah
_eEditor
942 _2ddc
_cBK
999 _c12040
_d12040